000 00630nam a2200229Ia 4500
003 OSt
005 20220925231923.0
006 a|||||r|||| 00| 0
007 ta
008 220923b |||||||| |||| 00| 0 eng d
037 _cGeneral Book
040 _aRTL
_cRTL
_beng
041 _2eng
_aeng
082 _aX:87, L9
100 _aBroadwell Martin M.
_9276704
245 0 _aMoving up to supervison
260 _aMassachusetts
_bCBI
_c1979
300 _axiv, 163p. Appendix p 152-62
_ccm.
650 _aExecutive
_9233834
942 _hX:87, L9
_cGB
_2CC
999 _c589754
_d589754